000 00773nam a22002297a 4500
005 20120926114653.0
008 120926t xxu||||| |||| 00| 0 eng d
010 _aENG-105990
020 _a9789350450239
_c200.00
035 _aEN-89523
037 _bDBAD/PUB
040 _aDPL
_bEnglish
082 _a881
100 _952635
_aGeorge, Nita B.
245 _aReflections /
_cby Nita B. George
260 _aCalcutta
_bWriters Workshop
_c2012
270 _a162/92, Lake Gardens
_bCalcutta
_e700045
_mwww.writersworkshopindia.com
300 _a90p.
_c22cm(Hb)
500 _aSame ISBN No.-The begging bowl
942 _2ddc
_cEN
_mGEO
_h881
999 _c70337
_d70337